Представление документа в формате RUSMARC

Поле Инд. ПП Название Значение
Тип записи a
Библиографический уровень a
001 Контрольный номер 1f2c136a0f614c22b30c9c043cff63bd
005 Дата корректировки 20190325103056.8
100 a Данные общей обработки 20190321 ||| 0rusy0189 ca
101 0_ a Язык текста rus
102 a Страна публикации RU
200 1_ f Первые сведения об ответственности А.А. Фомин
a Заглавие Законодательная конструкция "социальная помощь малоимущим": содержание и соотношение со смежными правовыми понятиями
b Общее обозначение материала Текст
210 1_ d Дата издания 2019
461 _0 1 2000
a Российская юстиция
463 _0 1 2000
a № 2
v С. 6-8
1 2101
d 2019
1 00121f9f28bf68a4e348aae2088c69d400d
606 a Основная рубрика Трудовое право
610 0_ a Ключевые слова СОЦИАЛЬНОЕ ОБЕСПЕЧЕНИЕ
a Ключевые слова СОЦИАЛЬНАЯ ПОЛИТИКА
700 _1 a Фамилия Фомин
b Имя А.А.
801 _0 a Страна RU
b Организация РГУП
c Дата составления 20190321
g Правила каталогизации PSBO
801 _1 a Страна RU
b Организация РГУП
c Дата составления 20190321
g Правила каталогизации PSBO
901 t Тип документа b
w Контрольный № источника 21f9f28bf68a4e348aae2088c69d400d
905 a Дата ввода 20190321